Statistics for Countries Two Borders Away From France

Click here to take the quiz!

General Stats

  • This quiz has been taken 3,761 times
    (3,742 since last reset)
  • The average score is 16 of 18

Answer Stats

Direct borderAnswer% Correct
SpainPortugal
98%
ItalyAustria
97%
GermanyPoland
97%
GermanyDenmark
95%
GermanyCzech Republic
93%
Belgium, GermanyNetherlands
93%
ItalySlovenia
93%
ItalyVatican City
93%
ItalySan Marino
92%
SwitzerlandLiechtenstein
91%
BrazilArgentina
86%
BrazilColombia
85%
BrazilVenezuela
85%
BrazilBolivia
84%
BrazilParaguay
84%
BrazilPeru
84%
BrazilUruguay
84%
Brazil, SurinameGuyana
78%

Score Distribution

Percentile by Number Answered

Percent of People with Each Score

Your Score History

You have not taken this quiz since the last reset